|
|
|
|
| LEADER |
01243nam a22003612i 4500 |
| 001 |
001521885 |
| 003 |
CZ BrMZK |
| 005 |
20160421113854.0 |
| 007 |
ta |
| 008 |
160420s1954 sz erf||||||||||ger d |
| 040 |
|
|
|a BOA001
|b cze
|e rda
|
| 072 |
|
7 |
|a 27-46/-48
|x Pastorální teologie
|2 Konspekt
|9 5
|
| 080 |
|
|
|a 27-46
|2 MRF
|
| 080 |
|
|
|a 27-4
|2 MRF
|
| 080 |
|
|
|a 274/278-1/-9
|2 MRF
|
| 080 |
|
|
|a (035)
|2 MRF
|
| 100 |
1 |
|
|a Bovet, Theodor,
|d 1900-1976
|7 ola2009487978
|4 aut
|
| 245 |
1 |
0 |
|a Lebendige Seelsorge :
|b eine praktische Anleitung für Pfarer und Laien /
|c Theodor Bovet
|
| 250 |
|
|
|a 2.überarbeitete und erweiterte Auflage
|
| 264 |
|
1 |
|a Bern :
|b Paul Haupt,
|c 1954
|
| 300 |
|
|
|a 219 stran
|
| 336 |
|
|
|a text
|b txt
|2 rdacontent
|
| 337 |
|
|
|a bez média
|b n
|2 rdamedia
|
| 338 |
|
|
|a svazek
|b nc
|2 rdacarrier
|
| 650 |
0 |
7 |
|a pastorální teologie
|7 ph123991
|2 czenas
|
| 650 |
0 |
7 |
|a pastorační péče
|7 ph138508
|2 czenas
|
| 650 |
0 |
7 |
|a křesťanský život
|7 ph122132
|2 czenas
|
| 650 |
0 |
7 |
|a protestantské učení
|7 ph307587
|2 czenas
|
| 655 |
|
7 |
|a příručky
|7 fd133209
|2 czenas
|
| 910 |
|
|
|a BOA001
|b M2-1366.171
|
| 990 |
|
|
|a BK
|
| 991 |
|
|
|b 201604
|
| 996 |
7 |
|
|b 2610668358
|c M2-1366.171
|l MZK
|r Sklad / do 24 hodin
|n 0
|p dar
|w 001557392
|u 000010
|a 1
|e BOA001
|j MZK50
|s A
|